000 00516nam a22001937a 4500
003 MPLRDC
005 20220104143441.0
008 210129b ||||| |||| 00| 0 eng d
020 _a978-986-5896-00-3
082 _a874.57 KEN
100 _aDOUGLAS KENNEDY
245 _a如果那天我没死
_c苏莹文 译
250 _a初版九刷
260 _a台湾
_b宝瓶文化事业有限公司
_c2012
300 _b413
490 _aISLAND: 182
650 _a美国文学--长篇小说
942 _cBK
_o874.57 KEN
999 _c40031
_d40021